书目信息 |
| 题名: |
家具设计
|
|
| 作者: | 王书万 编著 | |
| 分册: | ||
| 出版信息: | 北京 中国建筑工业出版社 2008.01 |
|
| 页数: | 122页 | |
| 开本: | 26cm | |
| 丛书名: | ||
| 单 册: | ||
| 中图分类: | TS664.01 | |
| 科图分类: | ||
| 主题词: | 家具--jia ju--设计--高等学校--教材 | |
| 电子资源: | ||
| ISBN: | 978-7-112-09416-5 | |
| 000 | 01035nam0 2200265 450 | |
| 001 | 012008028562 | |
| 005 | 20080613094739.93 | |
| 010 | @a978-7-112-09416-5@dCNY30.00 | |
| 100 | @a20080613d2008 em y0chiy0120 ea | |
| 101 | 0 | @achi |
| 102 | @aCN@b110000 | |
| 105 | @aa a 000yy | |
| 106 | @ar | |
| 200 | 1 | @a家具设计@Ajia ju she ji@d= Environmental design@f王书万编著@Fwang shu wan bian zhu@zeng |
| 210 | @a北京@c中国建筑工业出版社@d2008.01 | |
| 215 | @a122页@c图@d26cm | |
| 300 | @a普通高等教育“十一五”国家级规划教材 高等院校环境艺术设计专业规划教材 | |
| 320 | @a有书目 (第122页) | |
| 330 | @a本书内容主要包括:家具概论、古今家具一瞥、家具与时代、语义的注入、家具构造与尺寸、家具语义传达与案例、陈设中的综合因素等,以此为线索展开对家具设计的各方面因素进行分析,阐述其规律,展望创意的方法。 | |
| 510 | 1 | @aEnvironmental design@zeng |
| 606 | 0 | @a家具@Ajia ju@x设计@x高等学校@j教材 |
| 690 | @aTS664.01@v4 | |
| 701 | 0 | @a王书万@Awang shu wan@4编著 |
| 801 | 0 | @aCN@bQSSK@c20080613 |
| 905 | @b727501-03@dTS664.01@eW357@f3 | |
| 家具设计= Environmental design/王书万编著.-北京:中国建筑工业出版社,2008.01 |
| 122页:图;26cm |
| 普通高等教育“十一五”国家级规划教材 高等院校环境艺术设计专业规划教材 |
| ISBN 978-7-112-09416-5:CNY30.00 |
| 本书内容主要包括:家具概论、古今家具一瞥、家具与时代、语义的注入、家具构造与尺寸、家具语义传达与案例、陈设中的综合因素等,以此为线索展开对家具设计的各方面因素进行分析,阐述其规律,展望创意的方法。 |
| ● |
| 相关链接 |
|
|
|
正题名:家具设计
索取号:TS664.01/W357
 
预约/预借
| 序号 | 登录号 | 条形码 | 馆藏地/架位号 | 状态 | 备注 |
| 1 | 727501 | 207275018 | 自科二线400A/400A自科库 35排2列4层/ [索取号:TS664.01/W357] | 在馆 | |
| 2 | 727502 | 207275027 | 自科库501/501自科库 42排7列3层/ [索取号:TS664.01/W357] | 在馆 | |
| 3 | 727503 | 207275036 | 自科库501/501自科库 42排7列3层/ [索取号:TS664.01/W357] | 在馆 |